000 00614nam a2200229 a 4500
999 _c3423
_d3423
001 3423
003 BD-JhCC
005 20171113191235.0
008 171113s1959 bg |||| ||a| 00| 0 eng d
035 _a(BD-JhCC)3423
040 _aBD-JhCC
_dBD-JhCC
041 _aeng
082 _a520.3
_bSPI 1959
100 _aSpitz, Armand
245 _aDictionary of Astronomy and Astronautics /
_c Armand Spitz, Frank Gaynor
260 _aNew Jersey :
_bLittlefield adams & co.
_c1959.
300 _a439 p. :
_c22 cm.
650 _aAstronomy Dictionary
700 _a Gaynor, Frank
942 _2ddc
_cBK